<?xml version="1.0" encoding="UTF-8"?>
<record
    xmlns:xsi="http://www.w3.org/2001/XMLSchema-instance"
    xsi:schemaLocation="http://www.loc.gov/MARC21/slim http://www.loc.gov/standards/marcxml/schema/MARC21slim.xsd"
    xmlns="http://www.loc.gov/MARC21/slim">

  <leader>00683nam a22001337a 4500</leader>
  <datafield tag="040" ind1=" " ind2=" ">
    <subfield code="c">RUA</subfield>
  </datafield>
  <datafield tag="082" ind1=" " ind2=" ">
    <subfield code="a">FOR CHE 2009 B138 Or.1</subfield>
  </datafield>
  <datafield tag="100" ind1=" " ind2=" ">
    <subfield code="a">CHEAT, VICHET.</subfield>
  </datafield>
  <datafield tag="245" ind1=" " ind2=" ">
    <subfield code="a">Vulture conservation at northeastern cambodia, siem pang district, stung treng provine, &#x1780;&#x17B6;&#x179A;&#x17A2;&#x1797;&#x17B7;&#x179A;&#x1780;&#x17D2;&#x179F;&#x179F;&#x178F;&#x17D2;&#x179C;&#x178F;&#x17D2;&#x1798;&#x17B6;&#x178F;&#x1793;&#x17C5;&#x1797;&#x17BC;&#x1798;&#x17B7;&#x1797;&#x17B6;&#x1782;&#x17A6;&#x179F;&#x17B6;&#x1793;&#x1793;&#x17C3;&#x1794;&#x17D2;&#x179A;&#x1791;&#x17C1;&#x179F;&#x1780;&#x1798;&#x17D2;&#x1796;&#x17BB;&#x1787;&#x17B6; &#x1780;&#x17D2;&#x1793;&#x17BB;&#x1784;&#x179F;&#x17D2;&#x179A;&#x17BB;&#x1780;&#x179F;&#x17C0;&#x1798;&#x1794;&#x17C9;&#x17B6;&#x1784; &#x1781;&#x17C1;&#x178F;&#x17D2;&#x178F;&#x179F;&#x17D2;&#x1791;&#x17B9;&#x1784;&#x178F;&#x17D2;&#x179A;&#x17C2;&#x1784;</subfield>
  </datafield>
  <datafield tag="260" ind1=" " ind2=" ">
    <subfield code="a">Phnom Penh</subfield>
    <subfield code="b">RUA</subfield>
    <subfield code="c">2009</subfield>
  </datafield>
  <datafield tag="300" ind1=" " ind2=" ">
    <subfield code="a">xiv; 64p.</subfield>
    <subfield code="b">ill.</subfield>
    <subfield code="c">29cm.</subfield>
  </datafield>
  <datafield tag="856" ind1=" " ind2=" ">
    <subfield code="u">https://drive.google.com/file/d/16qir9VO2PKMG-KCRoFRPRs6QXvTKVuYE/view?usp=sharing</subfield>
  </datafield>
  <datafield tag="942" ind1=" " ind2=" ">
    <subfield code="c">FOR</subfield>
  </datafield>
  <datafield tag="999" ind1=" " ind2=" ">
    <subfield code="c">3403</subfield>
    <subfield code="d">3403</subfield>
  </datafield>
  <datafield tag="952" ind1=" " ind2=" ">
    <subfield code="0">0</subfield>
    <subfield code="1">0</subfield>
    <subfield code="2">ddc</subfield>
    <subfield code="4">0</subfield>
    <subfield code="6">FOR_CHE_2009_000000000000000_B138_OR_1</subfield>
    <subfield code="7">0</subfield>
    <subfield code="9">16121</subfield>
    <subfield code="a">LBB</subfield>
    <subfield code="b">LBB</subfield>
    <subfield code="c">B138</subfield>
    <subfield code="d">2015-11-13</subfield>
    <subfield code="o">FOR CHE 2009 B138 Or.1</subfield>
    <subfield code="p">RUA026142</subfield>
    <subfield code="r">2015-11-13</subfield>
    <subfield code="w">2015-11-13</subfield>
    <subfield code="y">FOR</subfield>
  </datafield>
  <datafield tag="952" ind1=" " ind2=" ">
    <subfield code="0">0</subfield>
    <subfield code="1">0</subfield>
    <subfield code="2">ddc</subfield>
    <subfield code="4">0</subfield>
    <subfield code="6">FOR_CHE_2009_000000000000000_B138_OR_2</subfield>
    <subfield code="7">0</subfield>
    <subfield code="9">16122</subfield>
    <subfield code="a">LBB</subfield>
    <subfield code="b">LBB</subfield>
    <subfield code="c">B138</subfield>
    <subfield code="d">2015-11-13</subfield>
    <subfield code="o">FOR CHE 2009 B138 Or.2</subfield>
    <subfield code="p">RUA026214</subfield>
    <subfield code="r">2015-11-13</subfield>
    <subfield code="w">2015-11-13</subfield>
    <subfield code="y">FOR</subfield>
  </datafield>
  <datafield tag="952" ind1=" " ind2=" ">
    <subfield code="0">0</subfield>
    <subfield code="1">0</subfield>
    <subfield code="2">ddc</subfield>
    <subfield code="4">0</subfield>
    <subfield code="6">FOR_CHE_2009_000000000000000_B138_OR_3</subfield>
    <subfield code="7">0</subfield>
    <subfield code="9">16123</subfield>
    <subfield code="a">LBB</subfield>
    <subfield code="b">LBB</subfield>
    <subfield code="c">B138</subfield>
    <subfield code="d">2015-11-13</subfield>
    <subfield code="o">FOR CHE 2009 B138 Or.3</subfield>
    <subfield code="p">RUA026286</subfield>
    <subfield code="r">2015-11-13</subfield>
    <subfield code="w">2015-11-13</subfield>
    <subfield code="y">FOR</subfield>
  </datafield>
  <datafield tag="952" ind1=" " ind2=" ">
    <subfield code="0">0</subfield>
    <subfield code="1">0</subfield>
    <subfield code="2">ddc</subfield>
    <subfield code="4">0</subfield>
    <subfield code="6">FOR_CHE_2009_000000000000000_B138_OR_4</subfield>
    <subfield code="7">0</subfield>
    <subfield code="9">16124</subfield>
    <subfield code="a">LBB</subfield>
    <subfield code="b">LBB</subfield>
    <subfield code="c">B138</subfield>
    <subfield code="d">2015-11-13</subfield>
    <subfield code="o">FOR CHE 2009 B138 Or.4</subfield>
    <subfield code="p">RUA026358</subfield>
    <subfield code="r">2015-11-13</subfield>
    <subfield code="w">2015-11-13</subfield>
    <subfield code="y">FOR</subfield>
  </datafield>
  <datafield tag="952" ind1=" " ind2=" ">
    <subfield code="0">0</subfield>
    <subfield code="1">0</subfield>
    <subfield code="2">ddc</subfield>
    <subfield code="4">0</subfield>
    <subfield code="6">FOR_CHE_2009_000000000000000_B138_OR_5</subfield>
    <subfield code="7">0</subfield>
    <subfield code="9">16125</subfield>
    <subfield code="a">LBB</subfield>
    <subfield code="b">LBB</subfield>
    <subfield code="c">B138</subfield>
    <subfield code="d">2015-11-13</subfield>
    <subfield code="o">FOR CHE 2009 B138 Or.5</subfield>
    <subfield code="p">RUA026423</subfield>
    <subfield code="r">2015-11-13</subfield>
    <subfield code="w">2015-11-13</subfield>
    <subfield code="y">FOR</subfield>
  </datafield>
  <datafield tag="952" ind1=" " ind2=" ">
    <subfield code="0">0</subfield>
    <subfield code="1">0</subfield>
    <subfield code="2">ddc</subfield>
    <subfield code="4">0</subfield>
    <subfield code="6">FOR_CHE_2009_000000000000000_B138_OR_6</subfield>
    <subfield code="7">0</subfield>
    <subfield code="9">16126</subfield>
    <subfield code="a">LBB</subfield>
    <subfield code="b">LBB</subfield>
    <subfield code="c">B138</subfield>
    <subfield code="d">2015-11-13</subfield>
    <subfield code="o">FOR CHE 2009 B138 Or.6</subfield>
    <subfield code="p">RUA026495</subfield>
    <subfield code="r">2015-11-13</subfield>
    <subfield code="w">2015-11-13</subfield>
    <subfield code="y">FOR</subfield>
  </datafield>
  <datafield tag="952" ind1=" " ind2=" ">
    <subfield code="0">0</subfield>
    <subfield code="1">0</subfield>
    <subfield code="2">ddc</subfield>
    <subfield code="4">0</subfield>
    <subfield code="6">FOR_CHE_2009_000000000000000_B138_OR_7</subfield>
    <subfield code="7">0</subfield>
    <subfield code="9">16127</subfield>
    <subfield code="a">LBB</subfield>
    <subfield code="b">LBB</subfield>
    <subfield code="c">B138</subfield>
    <subfield code="d">2015-11-13</subfield>
    <subfield code="o">FOR CHE 2009 B138 Or.7</subfield>
    <subfield code="p">RUA026421</subfield>
    <subfield code="r">2015-11-13</subfield>
    <subfield code="w">2015-11-13</subfield>
    <subfield code="y">FOR</subfield>
  </datafield>
  <datafield tag="952" ind1=" " ind2=" ">
    <subfield code="0">0</subfield>
    <subfield code="1">0</subfield>
    <subfield code="2">ddc</subfield>
    <subfield code="4">0</subfield>
    <subfield code="6">FOR_CHE_2009_000000000000000_B138_OR_8</subfield>
    <subfield code="7">0</subfield>
    <subfield code="9">16128</subfield>
    <subfield code="a">LBB</subfield>
    <subfield code="b">LBB</subfield>
    <subfield code="c">B138</subfield>
    <subfield code="d">2015-11-13</subfield>
    <subfield code="l">1</subfield>
    <subfield code="o">FOR CHE 2009 B138 Or.8</subfield>
    <subfield code="p">RUA026493</subfield>
    <subfield code="r">2016-09-07</subfield>
    <subfield code="s">2016-08-31</subfield>
    <subfield code="w">2015-11-13</subfield>
    <subfield code="y">FOR</subfield>
  </datafield>
  <datafield tag="952" ind1=" " ind2=" ">
    <subfield code="0">0</subfield>
    <subfield code="1">0</subfield>
    <subfield code="2">ddc</subfield>
    <subfield code="4">0</subfield>
    <subfield code="6">FOR_CHE_2009_000000000000000_B138_OR_8</subfield>
    <subfield code="7">0</subfield>
    <subfield code="9">36942</subfield>
    <subfield code="a">LBB</subfield>
    <subfield code="b">LBB</subfield>
    <subfield code="d">2016-02-03</subfield>
    <subfield code="o">FOR CHE 2009 B138 Or.8</subfield>
    <subfield code="p">RUA026067</subfield>
    <subfield code="r">2016-02-03</subfield>
    <subfield code="w">2016-02-03</subfield>
    <subfield code="y">FOR</subfield>
  </datafield>
</record>
